• 首页
  • 本馆介绍
  • 公告通知
  • 最新文献
  • 馆藏检索
  • 电子资源
  • 读者导购
  • 参考咨询
  • 我的图书馆
  • 登录
  • 详细信息显示
  • 放入我的书架
  • 预约/预借图书
  • 作者相关作品
  • 分类相关作品
  • 丛书相关作品
  • 出版社相关作品

书目信息

  • 表格格式
  • 工作单格式
  • 卡片格式
题名:
专题摄影
    
 
作者: 张韫磊 , 靳福堂 著
分册:  
出版信息: 沈阳   辽宁美术出版社  1997.4
页数: 198页
开本: 32开
丛书名:
单 册:
中图分类: J4
科图分类:
主题词: 摄影艺术
电子资源:
ISBN: 7-5314-1631-X
000 00614nam0 2200217 45
001 0102280817
005 20031219104048.8
010    @a7-5314-1631-X@dCNY22.60
100    @a20010228d1997 km y0chiy0120 ea
101 0  @achi
105    @a z 000yy
200 1  @a专题摄影@AZhuan Ti She Ying@f张韫磊,靳福堂著@FZhang Yun Lei,Jin Fu Tang Zhu
210    @a沈阳@c辽宁美术出版社@d1997.4
215    @a198页@c图@d32开
300    @a北京电影学院图片摄影专业系列教材
606 0  @a摄影艺术
690    @aJ4@v1
701  0 @a张韫磊@4著
701  0 @a靳福堂@4著
801    @aCN@bTSTC@c20010228
905    @b295091-095@dJ4@e122@f5
    
    专题摄影/张韫磊,靳福堂著.-沈阳:辽宁美术出版社,1997.4
    198页:图;32开
    北京电影学院图片摄影专业系列教材
    
    ISBN 7-5314-1631-X:CNY22.60
    
●
相关链接 在E读中查询图书 在五车中查询图书 在当当中查询图书 在豆瓣中查询图书


正题名:专题摄影     索取号:J4/122         预约/预借

序号 登录号 条形码 馆藏地/架位号 状态 备注
1 0295091   002950916   第一借阅区/ [索取号:J4/122] 在馆    
2 0295092   002950925   密集书库/ [索取号:J4/122] 在馆    
3 0295093   002950934   密集书库/ [索取号:J4/122] 在馆    
4 0295094   002950943   密集书库/ [索取号:J4/122] 在馆    
5 0295095   002950952   第一样本阅览室/ [索取号:J4/122] 在馆    
唐山师范学院图书馆 欢迎您!
大连网信软件有限公司© 版权所有